Impresiones de arte (Record no. 6653)
[ view plain ]
| 000 -CABECERA | |
|---|---|
| campo de control de longitud fija | 00904nam a2200229 a 4500 |
| 001 - NÚMERO DE CONTROL | |
| campo de control | BRCA_6972 |
| 005 - FECHA Y HORA DE LA ÚLTIMA TRANSACCIÓN | |
| campo de control | 20190320205650.0 |
| 008 - DATOS DE LONGITUD FIJA--INFORMACIÓN GENERAL | |
| campo de control de longitud fija | 221111s1931----sp-a######---#000-0#spa-# |
| 041 ## - CÓDIGO DE LENGUA | |
| Código de lengua del texto/banda sonora o título independiente | spa |
| 044 ## - CÓDIGO DEL PAÍS DE LA ENTIDAD EDITORA/PRODUCTORA | |
| Código MARC del país | sp |
| 050 #4 - SIGNATURA TOPOGRÁFICA DE LA BIBLIOTECA DEL CONGRESO | |
| Número de clasificación | N5210 |
| Número de documento/Ítem | .L66 1931 |
| 245 10 - MENCIÓN DE TÍTULO | |
| Título | Impresiones de arte |
| Resto del título | Colecciones particulares |
| Mención de responsabilidad, etc. | por Mauricio López Roberts, Marques de la Torrehermosa |
| 260 ## - PUBLICACIÓN, DISTRIBUCIÓN, ETC. | |
| Lugar de publicación, distribución, etc. | Madrid |
| Nombre del editor, distribuidor, etc. | Compañía Iberoamericana de Publicaciones |
| Fecha de publicación, distribución, etc. | 1931 |
| 300 ## - DESCRIPCIÓN FÍSICA | |
| Extensión | 253 p. |
| Otras características físicas | il. |
| Dimensiones | ?? cm. |
| 500 ## - NOTA GENERAL | |
| Nota general | Ex-Libris de: H. H. Brehrens |
| 500 ## - NOTA GENERAL | |
| Nota general | O205 |
| 501 ## - NOTA DE "CON" | |
| Nota de “Con” | Contiene: señores Juan de Muquiro; Andre Jaquemart; Sara Wilkinson Santamarina; Marques de Casa Torres; Marqueses de Castel-Rodrigo; Condes de Torres Arias: Famili Bauer, Duques de Ferman-Nuñez; señor Cocnacq |
| 650 14 - PUNTO DE ACCESO ADICIONAL DE MATERIA--TÉRMINO DE MATERIA | |
| Término de materia o nombre geográfico como elemento de entrada | Pinturas |
| Subdivisión general | Colecciones particulares |
| 9 (RLIN) | 10387 |
| 650 14 - PUNTO DE ACCESO ADICIONAL DE MATERIA--TÉRMINO DE MATERIA | |
| Término de materia o nombre geográfico como elemento de entrada | Coleccionistas y colecciones |
| 9 (RLIN) | 17366 |
| 902 ## - CATALOGADOR | |
| Iniciales | GFM |
| 942 ## - ELEMENTOS DE PUNTO DE ACCESO ADICIONAL (KOHA) | |
| Fuente del sistema de clasificación o colocación | Library of Congress Classification |
| Tipo de ítem Koha | Libros |
| Estado de retiro | Estado de pérdida | Estado dañado | No para préstamo | Localización permanente | Ubicación/localización actual | Fecha de adquisición | Número de inventario | Total de préstamos | Signatura topográfica completa | Código de barras | Fecha visto por última vez | Precio válido a partir de | Tipo de ítem Koha |
|---|---|---|---|---|---|---|---|---|---|---|---|---|---|
| El ejemplar forma parte de la colección y puede ser consultado según las políticas vigentes. | Biblioteca del Museo Franz Mayer (Rogerio Casas-Alatriste) | Biblioteca del Museo Franz Mayer (Rogerio Casas-Alatriste) | 22/11/2011 | O205 | N5210 .L66 1931 (O205) | 7419 | 22/03/2019 | 22/03/2019 | Libros |